01121nam a2200265 a 4500001001000000003000900010005001700019008003800036020001900074040002500093082003500118100002800153245012900181250001200310260006100322300002700383500003400410500007000444500007100514600003000585600005100615651006600666651006600732651005700798000047633DO-SdBNP20260321073643.0100830s 2017 dr 001 0 spa d a97899451683 03 aDO-SdBNPbspacBNPHU aBNPHU 327.7307293bV422k, 20171 aVega, Bernardo,d1938 -10aKennedy y Bosch :baporte al estudio de las relaciones internacionales del gobierno constitucional de 1963 /cBernardo Vega. a2a. ed. aSanto Domingo :bFundación Cultural Dominicana,c2017. aaxxx, 545 p. ;c26 cm. aIncluye índice onomástico aIncluye datos biográficos del autor en la solapa de la cubierta aIncluye referencias bibliográficas y notas al pie de las paginas10a Bosch, Juan, d1909-200114akennedy, John F.q(Jonh Fitzgerald)d1917-196314aRepública DominicanaxRelaciones ExterioreszEstados Unidos14aEstados UnidosxRelaciones ExterioreszRepública Dominicana14aRepública DominicanaxPolítica y Gobiernoy1961-